000 00605nam a2200181Ia 4500
008 151018s9999 xx 000 0 und d
082 _bRBASDV15905
_a891.463
100 _aगजाजन वा वाईरकर
245 _aन्यायमूर्ती
250 _b1
260 _bसुरस प्रकाशन पंजाब
_c1981
300 _a135
600 _aगजाजन वा वाईरकर
630 _aन्यायमूर्ती
700 _aगजाजन वा वाईरकर
730 _aन्यायमूर्ती
942 _cBOOK
999 _c1016625
_d1016622